Sant Vangmay Visharad Haribhakti Parayan, Yogiraj (Record no. 364563)

MARC details
000 -LEADER
fixed length control field 003870000a22001450004500
005 - DATE AND TIME OF LATEST TRANSACTION
control field 20120302065344.0
040 ## - CATALOGING SOURCE
Original cataloging agency Mar
100 ## - MAIN ENTRY--PERSONAL NAME
Personal name Subandha, Pralhadbua
245 ## - TITLE STATEMENT
Title Sant Vangmay Visharad Haribhakti Parayan, Yogiraj
260 ## - PUBLICATION, DISTRIBUTION, ETC. (IMPRINT)
Place of publication, distribution, etc Pune:Shree Pradnya Prakashan, 1998
300 ## - PHYSICAL DESCRIPTION
Extent 63+224+70p..-ill
365 ## - TRADE PRICE
Price amount /-
650 ## - SUBJECT ADDED ENTRY--TOPICAL TERM
Topical term or geographic name as entry element Sankeerna, Janmashatabdi Visheshank
942 ## - ADDED ENTRY ELEMENTS (KOHA)
Koha item type Book
Holdings
Withdrawn status Lost status Damaged status Not for loan Home library Current library Date acquired Total Checkouts Barcode Date last seen Price effective from
        Institute For Oriental Study, Thane Institute For Oriental Study, Thane 12/02/2009   IOS-M 25618 12/02/2009 12/02/2009